000 01239pam a2200313 a 4500
001 562612
003 OSt
005 20160607192519.0
008 890104s1991 enka b 001 0 eng c
010 _a 89002848
020 _a0198547420 :
_c$13.50 (U.S.)
040 _aDNLM/DLC
_cDLC
_dDLC
050 0 0 _aRC156
_b.M375 1989
060 _aWC 17 M237
082 0 0 _aWC 17 K738m 1991
_219
100 _aEdited by Knell A.J.
_99274
245 0 0 _aMalaria :
_ba publication of the tropical programme of the Wellcome Trust /
250 _aOxford University Press, 1991
300 _a89, [1] :
_bcol.ii
_c28 cm.
500 _a"Derived from the Malaria Exhibition compiled and created in the Wellcome Tropical Institute, and displayed there in 1987 and 1988"--Pref.
504 _aIncludes bibliographical references (p. [90]) and index.
650 0 _aMalaria
_xPopular works.
_92611
650 0 _aCommunity health
_92612
856 4 2 _3Publisher description
_uhttp://www.loc.gov/catdir/enhancements/fy0635/89002848-d.html
856 4 1 _3Table of contents only
_uhttp://www.loc.gov/catdir/enhancements/fy0635/89002848-t.html
906 _a7
_bcbc
_corignew
_d1
_eocip
_f19
_gy-gencatlg
942 _2z
_cSLOAN
999 _c973
_d973